[Event "ChessOrg Schachfestival 2024 Bad Wörishofen"]
[White "Dorst, Johannes"]
[Black "Muthaiah, AL."]
[Site "Bad Woerishofen"]
[Round "7.7"]
[Annotator "wempe"]
[Result "0-1"]
[Date "2024.03.14"]
[WhiteElo "2183"]
[BlackElo "2454"]
[PlyCount "88"]
[GameId "2118797391465063"]
[EventDate "2024.03.08"]

1. e4 c6 2. d4 d5 3. Nc3 dxe4 4. Nxe4 Bf5 5. Ng3 Bg6 6. h4 h6 7. Nf3 Nd7 8. h5 Bh7 9. Bd3 Bxd3 10. Qxd3 Ngf6 11. Bd2 e6 12. O-O-O Be7 13. Kb1 O-O 14. Ne4 c5 15. Bc1 Qb6 16. Ne5 Rad8 17. Nxd7 Nxd7 18. g4 Nf6 19. g5 hxg5 20. h6 Rxd4 21. Qh3 Rxd1 22. hxg7 Rxh1 23. gxf8=Q+ Kxf8 24. Qxh1 Ng8 25. Qh8 Qd8 26. Qe5 b6 27. a4 f5 28. Nc3 Kf7 29. Qe2 g4 30. Qa6 Qd7 31. Nb5 Bh4 32. Nxa7 Bxf2 33. Qxb6 Ne7 34. Nb5 g3 35. Nd6+ Qxd6 36. Qxd6 g2 37. a5 g1=Q 38. a6 c4 39. Qd2 Nd5 40. Qh6 Be3 41. Qh7+ Ke8 42. Ka2 Qxc1 43. a7 Bxa7 44. Qh6 Qxh6 0-1

[Event "ChessOrg Schachfestival 2024 Bad Wörishofen"]
[White "Milov, Leonid"]
[Black "Deglmann, Ludwig"]
[Site "Bad Woerishofen"]
[Round "7.8"]
[Annotator "wempe"]
[Result "1/2-1/2"]
[Date "2024.03.14"]
[WhiteElo "2415"]
[BlackElo "2239"]
[PlyCount "39"]
[GameId "2118797391465064"]
[EventDate "2024.03.08"]

1. d4 e6 2. g3 Nf6 3. c4 d5 4. Nf3 dxc4 5. Bg2 Bb4+ 6. Bd2 a5 7. O-O Nc6 8. Bf4 O-O 9. a3 Bd6 10. Nc3 Nd5 11. Bd2 Nxc3 12. Bxc3 Rb8 13. Nd2 e5 14. d5 Ne7 15. Nxc4 b5 16. Nxe5 f5 17. e4 f4 18. b4 Qe8 19. Nf3 Qf7 20. Nd2 {unleserlich} 1/2-1/2

[Event "ChessOrg Schachfestival 2024 Bad Wörishofen"]
[White "Raitza, Olaf"]
[Black "Roettgen, Juergen"]
[Site "Bad Woerishofen"]
[Round "7.45"]
[Result "1-0"]
[Date "2024.03.14"]
[WhiteElo "2052"]
[BlackElo "1952"]
[PlyCount "67"]
[GameId "2118797391465065"]
[EventDate "2024.03.08"]

1. e4 c5 2. Nf3 e6 3. d4 cxd4 4. Nxd4 Nc6 5. Nc3 Qc7 6. Be3 a6 7. Be2 Nf6 8. O-O Bb4 9. Nxc6 bxc6 10. Qd4 Rb8 11. e5 Nd5 12. Nxd5 cxd5 13. c4 dxc4 14. Rac1 O-O 15. Rxc4 Qa5 16. Qh4 Bd2 17. Ra4 Qxe5 18. Bd3 f5 19. Bxd2 Rxb2 20. Bc1 Rb6 21. Be3 Rc6 22. Bd4 Qd5 23. Qg3 Rf7 24. Be2 f4 25. Qf3 Qg5 26. Qg4 Qxg4 27. Bxg4 d6 28. Bf3 Rc2 29. h4 e5 30. Bb6 Rb2 31. Ba5 Kf8 32. Rd1 Bd7 33. Ra3 Rf6 34. Bd8 1-0

[Event "ChessOrg Schachfestival 2024 Bad Wörishofen"]
[White "Muthaiah, AL."]
[Black "Li, Di"]
[Site "Bad Woerishofen"]
[Round "8.1"]
[Annotator "wempe"]
[Result "1/2-1/2"]
[Date "2024.03.15"]
[WhiteElo "2454"]
[BlackElo "2567"]
[PlyCount "266"]
[GameId "2118797391465066"]
[EventDate "2024.03.08"]

1. d4 Nf6 2. Bf4 g6 3. Nf3 Bg7 4. e3 d6 5. h3 O-O 6. Be2 c5 7. O-O Qb6 8. Nbd2 Be6 9. Ng5 Bd7 10. dxc5 Qxc5 11. e4 Qc7 12. c3 Bc6 13. Bd3 Nbd7 14. Qe2 Nc5 15. Bc2 h6 16. Ngf3 e5 17. Bh2 Nh5 18. Rfd1 Rad8 19. a4 Rfe8 20. Qc4 b6 21. Nb3 Ne6 22. Rd2 Bf8 23. Qf1 Qb7 24. Qe1 a5 25. Rdd1 Nef4 26. c4 Ne6 27. Nfd2 Nhf4 28. Nf1 Qe7 29. Ne3 h5 30. Nd5 Qg5 31. Bxf4 exf4 32. f3 Bg7 33. Rdb1 Rb8 34. Kh1 Be5 35. Qf2 Qd8 36. Nc1 Bd4 37. Qd2 Qh4 38. Ne2 Be5 39. Ra2 Kg7 40. Qe1 Qd8 41. Nec3 Rh8 42. b3 g5 43. Bd1 Rh6 44. Kg1 Bd7 45. Kf1 Kf8 46. Rf2 Rg6 47. Rbb2 Qc8 48. Ke2 Bd4 49. Rf1 Qc5 50. Kd2 Rc8 51. Kc2 Bc6 52. Kb1 Bg7 53. Ka2 Qd4 54. Rb1 Nc5 55. Qf2 Qe5 56. Qd2 Rb8 57. Be2 Rb7 58. Rfd1 Qe8 59. Nb5 Be5 60. Bd3 Ne6 61. Be2 Kg7 62. Ndc3 Rd7 63. Nd5 Qd8 64. Ka3 Kg8 65. Rbc1 Rb7 66. Rc2 Qe8 67. Rcc1 Nc5 68. Nbc3 Bd7 69. Nb5 Be6 70. Re1 Kf8 71. Ndc3 Na6 72. Nd5 Qc8 73. Ka2 Qc5 74. Bd1 Nb8 75. Kb1 Nc6 76. Rf1 Rd7 77. Be2 Rg7 78. Ka2 f6 79. Kb1 Ke8 80. Bd1 Kd8 81. Qf2 Rb7 82. Qd2 Kc8 83. Be2 Rbd7 84. Rfd1 Kb7 85. Rf1 Rg8 86. Rc2 Bf7 87. Bd1 Bg6 88. Be2 Bh7 89. Rcc1 Kb8 90. Ka2 Rdg7 91. Bd1 Rc8 92. Be2 f5 93. exf5 Bxf5 94. Bd1 Be6 95. Kb1 Nd4 96. Nxd4 Bxd4 97. Be2 Be5 98. Ka2 Rf8 99. Bd3 Qd4 100. Rc2 g4 101. hxg4 hxg4 102. Be4 Qc5 103. Rh1 gxf3 104. Bxf3 Bf5 105. Rcc1 Bg4 106. Be4 Bd7 107. Bf3 Rfg8 108. Rhe1 Bg4 109. Be4 Bh5 110. Rc2 Rf8 111. Qf2 Ka7 112. Qh4 Bg4 113. Qf2 Bd4 114. Qd2 Rgf7 115. Bf3 Bf5 116. Be4 Bd7 117. Bf3 Be5 118. Nc3 Bf5 119. Ne4 Qd4 120. Qxd4 Bxd4 121. Rd2 Be3 122. Rxd6 Rg7 123. Nc3 Rfg8 124. Re2 Bg4 125. Nd5 Bxf3 126. gxf3 Rg2 127. Rxg2 Rxg2+ 128. Kb1 Rf2 129. Nxe3 fxe3 130. Re6 e2 131. Kc1 Rf1+ 132. Kd2 Rxf3 133. Kxe2 Rxb3 1/2-1/2

[Event "ChessOrg Schachfestival 2024 Bad Wörishofen"]
[White "Kunin, Vitaly"]
[Black "Bharath, Subramaniyam H"]
[Site "Bad Woerishofen"]
[Round "8.2"]
[Annotator "wempe"]
[Result "1/2-1/2"]
[Date "2024.03.15"]
[WhiteElo "2521"]
[BlackElo "2530"]
[PlyCount "87"]
[GameId "2118797391465067"]
[EventDate "2024.03.08"]

1. d4 Nf6 2. c4 e6 3. Bf4 Bb4+ 4. Nd2 b6 5. Ngf3 Bb7 6. a3 Be7 7. Qc2 Nh5 8. Bg3 c5 9. dxc5 bxc5 10. e4 Nc6 11. Bd3 g5 12. O-O g4 13. Ne5 Nxg3 14. Nxc6 Bxc6 15. fxg3 Bf6 16. e5 Bxe5 17. Rae1 Qc7 18. Be4 Rb8 19. b3 d6 20. Kh1 O-O 21. Bxc6 Qxc6 22. Ne4 f5 23. Nf2 Rbe8 24. Nd3 Bd4 25. b4 e5 26. Qd2 cxb4 27. axb4 Qxc4 28. Rc1 Qf7 29. Rc6 Re6 30. Rfc1 Rfe8 31. Rc8 Kh8 32. Qg5 Qg6 33. Qd2 Rxc8 34. Rxc8+ Re8 35. Nf4 Qf7 36. Rc1 Bb6 37. Nd5 Rd8 38. Rc6 Qe6 39. b5 Bd4 40. Rc7 Rc8 41. Rxc8+ Qxc8 42. Qh6 Qd8 43. Qe6 Qg5 44. Qc8+ 1/2-1/2

[Event "ChessOrg Schachfestival 2024 Bad Wörishofen"]
[White "Leniart, Arkadiusz"]
[Black "Akash, G.."]
[Site "Bad Woerishofen"]
[Round "8.4"]
[Annotator "wempe"]
[Result "1/2-1/2"]
[Date "2024.03.15"]
[WhiteElo "2503"]
[BlackElo "2411"]
[PlyCount "84"]
[GameId "2118797391465068"]
[EventDate "2024.03.08"]

1. d4 Nf6 2. c4 e6 3. Nc3 Bb4 4. e3 O-O 5. Bd3 d5 6. Bd2 b6 7. Nf3 Bb7 8. cxd5 exd5 9. O-O Bd6 10. Rc1 a6 11. Ne5 c5 12. b3 Re8 13. f4 Nc6 14. Na4 Rc8 15. Bf5 Rc7 16. dxc5 bxc5 17. Nxc5 Nxe5 18. Nxb7 Rxb7 19. fxe5 Bxe5 20. Rc6 Qb8 21. Kh1 Rb6 22. Rxb6 Qxb6 23. Qf3 Qd6 24. Be1 g6 25. Bd3 Qe6 26. h3 Qc6 27. Bh4 Re6 28. Bg5 Kg7 29. Bf4 a5 30. Bxe5 Rxe5 31. Qf4 Qe6 32. Qd4 Kg8 33. Rf3 h5 34. Kg1 Kg7 35. Qf4 Ne4 36. Bxe4 Rxe4 37. Qg3 h4 38. Qf2 f5 39. Qd2 a4 40. bxa4 Rxa4 41. Rf4 Rxf4 42. exf4 Qb6+ 1/2-1/2

[Event "ChessOrg Schachfestival 2024 Bad Wörishofen"]
[White "S, Rohit"]
[Black "A R, Ilamparthi"]
[Site "Bad Woerishofen"]
[Round "8.5"]
[Annotator "wempe"]
[Result "1/2-1/2"]
[Date "2024.03.15"]
[WhiteElo "2267"]
[BlackElo "2426"]
[PlyCount "68"]
[GameId "2118797391465069"]
[EventDate "2024.03.08"]

1. e4 c5 2. Nf3 Nc6 3. d4 cxd4 4. Nxd4 e5 5. Nb5 a6 6. Nd6+ Bxd6 7. Qxd6 Qe7 8. Qd1 Nf6 9. Nc3 d6 10. Bg5 Be6 11. Nd5 Bxd5 12. exd5 Nb8 13. Be2 O-O 14. O-O Nbd7 15. a4 a5 16. c4 h6 17. Be3 Nh7 18. Qb1 f5 19. f3 Rae8 20. Re1 Ng5 21. Bd2 b6 22. Bd3 Qf6 23. Bc2 Nc5 24. b4 axb4 25. Qxb4 e4 26. f4 Nf3+ 27. gxf3 exf3 28. Kh1 f2 29. Rf1 Re2 30. Rad1 Ne4 31. Bd3 Qh4 32. Bxe4 fxe4 33. Qc3 Qh5 34. Qg3 Rf6 1/2-1/2

[Event "ChessOrg Schachfestival 2024 Bad Wörishofen"]
[White "Fischer, Daniel"]
[Black "Xiang, Zeyu"]
[Site "Bad Woerishofen"]
[Round "8.6"]
[Annotator "wempe"]
[Result "1/2-1/2"]
[Date "2024.03.15"]
[WhiteElo "2352"]
[BlackElo "2418"]
[PlyCount "52"]
[GameId "2118797391465070"]
[EventDate "2024.03.08"]

1. e4 e5 2. Nf3 Nc6 3. Bb5 Nf6 4. O-O Nxe4 5. Re1 Nd6 6. Nxe5 Be7 7. Bf1 Nf5 8. Nf3 O-O 9. d4 d5 10. c3 Bd6 11. Nbd2 Re8 12. Rxe8+ Qxe8 13. Bd3 b6 14. Nf1 f6 15. Qb3 Na5 16. Qc2 g6 17. Ne3 Nxe3 18. Bxe3 Qf7 19. Re1 Bd7 20. h4 Re8 21. Bc1 Rxe1+ 22. Nxe1 Nc6 23. Qb3 Na5 24. Qc2 Nc6 25. Qb3 Na5 26. Qc2 Bc6 1/2-1/2

[Event "ChessOrg Schachfestival 2024 Bad Wörishofen"]
[White "Guttenthaler, Franz"]
[Black "Harikrishnan.A.Ra"]
[Site "Bad Woerishofen"]
[Round "8.8"]
[Annotator "wempe"]
[Result "1/2-1/2"]
[Date "2024.03.15"]
[WhiteElo "2286"]
[BlackElo "2448"]
[PlyCount "92"]
[GameId "2118797391465071"]
[EventDate "2024.03.08"]

1. d4 d5 2. c4 c6 3. cxd5 cxd5 4. Bf4 Nc6 5. e3 Nf6 6. Nc3 Bg4 7. Qb3 Na5 8. Qa4+ Bd7 9. Qc2 Rc8 10. Bd3 e6 11. Nf3 Be7 12. h3 O-O 13. O-O b5 14. a3 Nc4 15. Rfc1 h6 16. Ne5 Qb6 17. Qe2 Rfd8 18. g4 Be8 19. h4 Nd7 20. Nf3 Nf8 21. g5 h5 22. Kh1 a6 23. Ne5 g6 24. Bxc4 dxc4 25. Ne4 Bc6 26. Nxc6 Qxc6 27. Qf3 Nd7 28. Kg2 Qd5 29. Nc3 Qxf3+ 30. Kxf3 Bf8 31. Ke4 Bg7 32. Rd1 e5 33. Bxe5 Bxe5 34. dxe5 Nc5+ 35. Kf3 Nd3 36. Ke2 Nxb2 37. Rxd8+ Rxd8 38. Rb1 Nd3 39. f4 Nc5 40. Rd1 Rxd1 41. Kxd1 Kf8 42. Ke2 Nd3 43. Ne4 Ke7 44. Nd6 Ke6 45. Ne4 Kd7 46. Nd6 Ke7 1/2-1/2

[Event "ChessOrg Schachfestival 2024 Bad Wörishofen"]
[White "Luebke, Florentin"]
[Black "Milov, Leonid"]
[Site "Bad Woerishofen"]
[Round "8.10"]
[Annotator "wempe"]
[Result "0-1"]
[Date "2024.03.15"]
[WhiteElo "2187"]
[BlackElo "2415"]
[PlyCount "78"]
[GameId "2118797391465072"]
[EventDate "2024.03.08"]

1. e4 c5 2. Nf3 e6 3. g3 Nc6 4. Bg2 Nf6 5. Qe2 e5 6. O-O d6 7. Na3 Be7 8. d3 O-O 9. Nc4 Ne8 10. Ne3 Nc7 11. Nd2 g6 12. c3 Kh8 13. f4 exf4 14. Rxf4 Bg5 15. Rf1 Bf6 16. Nf3 Bg7 17. Qd2 Be6 18. Nc2 h6 19. d4 Bg4 20. Qf2 cxd4 21. Ncxd4 Nxd4 22. Nxd4 Qd7 23. Be3 Rae8 24. Rfe1 d5 25. Bf4 dxe4 26. Rxe4 Nd5 27. Bd2 Rxe4 28. Bxe4 Nb6 29. Re1 Nc4 30. Bc1 Re8 31. b3 Ne5 32. Qd2 Kh7 33. Bg2 a6 34. Qc2 Rc8 35. Be3 b5 36. a3 Bh3 37. Be4 Ng4 38. Qd2 Nxe3 39. Qxe3 Rxc3 0-1